League of Legends Worlds 2021 Teams and Rosters - Statistics

General Stats
  • This quiz has been taken 20 times
  • The average score is 68 of 135
Answer Stats
Hint Answer % Correct
DK BeryL
94%
DK Canyon
94%
LCK #1 DWG KIA
94%
RNG GALA
94%
DK Ghost
94%
DK ShowMaker
94%
LCK #3 T1
94%
HLE Chovy
88%
LPL #1 EDward Gaming
88%
T1 Faker
88%
EDG Flandre
88%
LEC #2 Fnatic
88%
LPL #2 FunPlus Phoenix
88%
LCK #2 Gen.G
88%
T1 Gumayusi
88%
MAD Humanoid
88%
EDG Jiejie
88%
T1 Keria
88%
DK Khan
88%
LEC #1 MAD Lions
88%
EDG Meiko
88%
RNG Ming
88%
T1 Oner
88%
LEC #3 Rogue
88%
LPL #3 Royal Never Give Up
88%
GEN Ruler
88%
EDG Scout
88%
EDG Viper
88%
RNG Xiaohu
88%
LCS #1 100 Thieves
81%
GEN Bdd
81%
T1 Canna
81%
MAD Carzzy
81%
LCS #3 Cloud9
81%
FPX Crisp
81%
FPX Doinb
81%
MAD Elyoya
81%
TL Jensen
81%
RGE Odoamne
81%
PCS #1 PSG Talon
81%
LCS #2 Team Liquid
81%
FPX Tian
81%
RGE Trymbi
81%
RNG Wei
81%
MAD Armut
75%
RNG Cryin
75%
HLE Deft
75%
FNC Hylissang
75%
MAD Kaiser
75%
RGE Larssen
75%
LPL #4 LNG Esports
75%
FPX Lwx
75%
PSG Maple
75%
FPX Nuguri
75%
FNC Adam
69%
FNC Bwipo
69%
GEN Clid
69%
TL CoreJJ
69%
LJL #1 DetonatioN FocusMe
69%
RGE Hans Sama
69%
LCK #4 Hanwha Life Esports
69%
RGE Inspired
69%
GEN Life
69%
FNC Nisqy
69%
C9 Zven
69%
C9 Blaber
63%
DFM Evi
63%
C9 Fudge
63%
HLE Morgan
63%
FNC Bean
56%
C9 Vulcan
56%
100 FBI
50%
C9 Perkz
50%
GEN Rascal
50%
LNG Tarzan
50%
100 Abbedagge
44%
100 Closer
44%
LNG Light
44%
100 Ssumday
44%
LNG Ale
38%
100 huhi
38%
TL Santorin
38%
HLE Vsta
38%
HLE Willer
38%
DFM Yutapon
38%
TL Tactical
31%
LCL #1 Unicorns of Love
31%
PCS #2 Beyond Gaming
25%
TCL #1 Galatasaray Esports
25%
PSG Hanabi
25%
LNG icon
25%
PSG River
25%
TL Alphari
19%
DFM Aria
19%
GEN Burdol
19%
LLA #1 INFINITY
19%
LNG Iwandy
19%
PSG Kaiwing
19%
CBLOL #1 RED Canids
19%
DFM Steal
19%
UOL AHaHaCiK
13%
GS Alive
13%
UOL BOSS
13%
BYG Husha
13%
GS Mojito
13%
LCO #1 PEACE
13%
UOL SaNTaS
13%
PSG Unified
13%
INF WhiteLotus
13%
GS Zergsting
13%
GS Bolulu
6%
GS Crazy
6%
DFM Gaeng
6%
RED Jojo
6%
BYG Kino
6%
BYG Liang
6%
UOL Nomanz
6%
PCE Vizicsacsi
6%
BYG Wako
6%
INF Ackerman
0%
RED Aegis
0%
PCE Aladoric
0%
UOL Argonavt
0%
RED Avenger
0%
PCE Babip
0%
INF Buggax
0%
INF cody
0%
RED Grevthar
0%
RED Guigo
0%
BYG Maoan
0%
BYG PK
0%
INF SolidSnake
0%
PCE Tally
0%
RED TitaN
0%
PCE Violet
0%
No matching quizzes found
Score Distribution
Percent of People with Each Score
Percentile by Number Answered
Your Score History
You have not taken this quiz